INTERNATIONAL FINANCIAL SYSTEM POLICY AN (Record no. 20076)
[ view plain ]
| 000 -LEADER | |
|---|---|
| fixed length control field | 00361nam a2200133Ia 4500 |
| 008 - FIXED-LENGTH DATA ELEMENTS--GENERAL INFORMATION | |
| fixed length control field | 240624s9999 xx 000 0 und d |
| 041 ## - LANGUAGE CODE | |
| Language code of text/sound track or separate title | eng |
| 082 ## - DEWEY DECIMAL CLASSIFICATION NUMBER | |
| Classification number | 332.153 BUC |
| 100 ## - MAIN ENTRY--PERSONAL NAME | |
| Personal name | BUCKLEY ROSS P |
| 245 ## - TITLE STATEMENT | |
| Title | INTERNATIONAL FINANCIAL SYSTEM POLICY AN |
| 260 ## - PUBLICATION, DISTRIBUTION, ETC. | |
| Date of publication, distribution, etc. | 2008 |
| Place of publication, distribution, etc. | Netherland |
| Name of publisher, distributor, etc. | Wolters Kluwer |
| 300 ## - PHYSICAL DESCRIPTION | |
| Extent | xxii, : 193 : p. : cm. ; 24 |
| 365 ## - TRADE PRICE | |
| Currency code | ERU |
| Price amount | 26 |
| Withdrawn status | Lost status | Damaged status | Not for loan | Home library | Current library | Shelving location | Date acquired | Source of acquisition | Cost, normal purchase price | Full call number | Barcode | Date last seen | Copy number | Price effective from | Koha item type |
|---|---|---|---|---|---|---|---|---|---|---|---|---|---|---|---|
| IMTN | IMTN | Rack 7-B | 10/09/2012 | TB | 85.00 | 332.153 BUC | 20076 | 06/24/2024 | 72.9 | 06/24/2024 | Books |